Loading...
| Current Events | 1 | 20.00 | 100% | 100% | 0% |
| Fine Arts - Classical Music | 3 | 6.67 | 67% | 0% | 0% |
| Fine Arts - Other | 2 | 10.00 | 100% | 0% | 0% |
| Fine Arts - Painting and Sculpture | 1 | 0.00 | 0% | 0% | 0% |
| Geography | 1 | 20.00 | 100% | 100% | 0% |
| History - American | 3 | 16.67 | 200% | 67% | 0% |
| History - Ancient/Other | 3 | 16.67 | 100% | 67% | 0% |
| History - European | 3 | 13.33 | 100% | 33% | 0% |
| History - Other | 2 | 10.00 | 100% | 0% | 0% |
| History - World | 3 | 13.33 | 100% | 33% | 0% |
| Literature - American | 5 | 8.00 | 60% | 20% | 0% |
| Literature - British | 4 | 12.50 | 100% | 25% | 0% |
| Literature - European | 4 | 12.50 | 75% | 50% | 0% |
| Literature - World | 2 | 15.00 | 100% | 50% | 0% |
| Mythology | 5 | 18.00 | 100% | 80% | 0% |
| Philosophy | 4 | 15.00 | 100% | 25% | 25% |
| Religion | 2 | 15.00 | 100% | 50% | 0% |
| Science - Biology | 2 | 15.00 | 100% | 50% | 0% |
| Science - Chemistry | 5 | 18.00 | 100% | 60% | 20% |
| Science - Other | 4 | 20.00 | 100% | 50% | 50% |
| Science - Physics | 1 | 0.00 | 0% | 0% | 0% |
| Social Science | 5 | 16.00 | 100% | 40% | 20% |